| 000 | 00549nam a22001577a 4500 | ||
|---|---|---|---|
| 008 | 020421b xxu||||| |||| 00| 0 eng d | ||
| 020 | _a0-8039-0907-1 | ||
| 040 |
_aG.U _cT.O.D _dG.U |
||
| 041 | _aEnglish | ||
| 082 | _a300.18 EVA | ||
| 245 |
_aEvaluation research methods : _bA basic guide / _cedited by Rutman, Leonard . _ |
||
| 260 |
_aCalifornia : _bSAGE publications, _cc1977 |
||
| 300 |
_a241 pages : _bill. ; _c22 cm. _einclude indexes |
||
| 650 | _vEvaluation research(social action programs)-addresses, essays,lectures | ||
| 942 |
_2ddc _cBOOK |
||
| 999 |
_c892 _d892 |
||